Modern Social Theory : (Record no. 15548)
[ view plain ]
| 000 -LEADER | |
|---|---|
| fixed length control field | 02320cam a22003254a 4500 |
| 001 - CONTROL NUMBER | |
| control field | 13731435 |
| 005 - DATE AND TIME OF LATEST TRANSACTION | |
| control field | 20070514134031.0 |
| 008 - FIXED-LENGTH DATA ELEMENTS--GENERAL INFORMATION | |
| fixed length control field | 040927s2005 enk b 001 0deng |
| 010 ## - LIBRARY OF CONGRESS CONTROL NUMBER | |
| LC control number | 2004022650 |
| 020 ## - INTERNATIONAL STANDARD BOOK NUMBER | |
| International Standard Book Number | 0199255709 (pbk. : alk. paper) |
| 020 ## - INTERNATIONAL STANDARD BOOK NUMBER | |
| International Standard Book Number | 9780199255702 (pbk. : alk. paper) |
| 040 ## - CATALOGING SOURCE | |
| Original cataloging agency | DLC |
| Transcribing agency | DLC |
| Modifying agency | DLC |
| 042 ## - AUTHENTICATION CODE | |
| Authentication code | pcc |
| 050 00 - LIBRARY OF CONGRESS CALL NUMBER | |
| Classification number | H61 |
| Item number | .M574 2005 |
| 082 00 - DEWEY DECIMAL CLASSIFICATION NUMBER | |
| Classification number | 300.1 |
| Edition number | 22 |
| Item number | MOD |
| 245 00 - TITLE STATEMENT | |
| Title | Modern Social Theory : |
| Remainder of title | An Introduction / |
| Statement of responsibility, etc | Edited by Austin Harrington. |
| 260 ## - PUBLICATION, DISTRIBUTION, ETC. (IMPRINT) | |
| Place of publication, distribution, etc | Oxford ; |
| -- | New York : |
| Name of publisher, distributor, etc | Oxford University Press, 2005 |
| Date of publication, distribution, etc | 2005. |
| 300 ## - PHYSICAL DESCRIPTION | |
| Extent | xxi, 378 p. ; |
| Dimensions | 25 cm. |
| 504 ## - BIBLIOGRAPHY, ETC. NOTE | |
| Bibliography, etc | Includes bibliographical references (p. [345]-364) and index. |
| 505 0# - FORMATTED CONTENTS NOTE | |
| Formatted contents note | Classical social theory, I: contexts and beginnings / Austin Harrington -- Classical social theory, II: Karl Marx and E�mile Durkheim / Antonino Palumbo and Alan Scott -- Classical social theory, III: Max Weber and Georg Simmel / Gianfranco Poggi -- Functionalism and its critics / John Holmwood -- Interpretativism and interactionism / William Outhwaite -- Historical social theory / Dennis Smith -- Western Marxism / Douglas Kellner -- Psychoanalytic social theory / Anthony Elliott -- Structuralism and post-structuralism / Samantha Ashenden -- Structure and agency / Anthony King -- Feminist social theory / Lisa Adkins -- Modernity and postmodernity: part I / Barry Smart -- Modernity and postmodernity: part II / Gerard Delanty -- Globalization / Robert Holton -- Conclution: Social theory for the twenty-first century / Austin Harrington. |
| 650 #0 - SUBJECT ADDED ENTRY--TOPICAL TERM | |
| Topical term or geographic name as entry element | Social sciences |
| General subdivision | Philosophy. |
| 9 (RLIN) | 24734 |
| 653 ## - INDEX TERM--UNCONTROLLED | |
| Resource For college | |
| Arrived date list | May2011 |
| 700 1# - ADDED ENTRY--PERSONAL NAME | |
| Personal name | Harrington, Austin, |
| Dates associated with a name | 1970- |
| Relator term | edt |
| 9 (RLIN) | 24735 |
| 856 41 - ELECTRONIC LOCATION AND ACCESS | |
| Materials specified | Table of contents only |
| Uniform Resource Identifier | <a href="http://www.loc.gov/catdir/toc/ecip051/2004022650.html">http://www.loc.gov/catdir/toc/ecip051/2004022650.html</a> |
| 856 42 - ELECTRONIC LOCATION AND ACCESS | |
| Materials specified | Publisher description |
| Uniform Resource Identifier | <a href="http://www.loc.gov/catdir/enhancements/fy0617/2004022650-d.html">http://www.loc.gov/catdir/enhancements/fy0617/2004022650-d.html</a> |
| 856 42 - ELECTRONIC LOCATION AND ACCESS | |
| Materials specified | Contributor biographical information |
| Uniform Resource Identifier | <a href="http://www.loc.gov/catdir/enhancements/fy0723/2004022650-b.html">http://www.loc.gov/catdir/enhancements/fy0723/2004022650-b.html</a> |
| 942 ## - ADDED ENTRY ELEMENTS (KOHA) | |
| Source of classification or shelving scheme | Dewey Decimal Classification |
| Item type | Book - Borrowing |
| Withdrawn status | Item status | Source of classification or shelving scheme | Damaged status | Not for loan | Vendor | Home library | Current library | Shelving location | Date acquired | Source of acquisition | Cost, normal purchase price | Serial Enumeration / chronology | Total Checkouts | Total Renewals | Full call number | Barcode | Date last seen | Date last borrowed | Koha item type |
|---|---|---|---|---|---|---|---|---|---|---|---|---|---|---|---|---|---|---|---|
| Dewey Decimal Classification | Baccah | Central Library | Central Library | First floor | 06/06/2011 | 431.00 | 12250 | 6 | 20 | 300.1 MOD | 000024061 | 15/07/2025 | 02/03/2017 | Book - Borrowing |